[Event "It (open)"]
[Site "masterchessopen.com – Villa Ballester (Argentina)"]
[Date "2003.09.20"]
[Round "6"]
[White "Pedro Fernando (ARG)"]
[Black "Sambuco Salomone Lucas (ARG)"]
[Result "1-0"]
[WhiteElo "2186"]
[BlackElo "2000"]

1.e4 e6 2.d4 d5 3.Nd2 Nc6 4.Ngf3 Nf6 5.e5 Nd7 6.Nb3 Be7 7.Bb5 a5 8.a4 Ncb8
9.h4 b6 10.Ng5 h6 11.Nxe6 fxe6 12.Qh5+ Kf8 13.Rh3 Ba6 14.Rf3+ Nf6 15.exf6 Bxf6
16.Rxf6+ gxf6 17.Bxh6+ Ke7 18.Qg6 Nd7 19.Qg7+ Kd6 20.Bf4+ e5 21.dxe5+ Nxe5
22.Nd4 Bxb5 23.axb5 Qf8 24.Bxe5+ Kxe5 25.Qg3+ Kxd4 26.O-O-O+ Ke4 27.Qf3+ Ke5
28.Qxd5+ {#r} 1-0

[Event "Ch Slovakia (team) 2003/04 (1 liga) West"]
[Site "masterchessopen.com – Slovakia"]
[Round "9"]
[White "Cvicela Anton (SVK)"]
[Black "Skreno Vladimir (SVK)"]
[Result "0-1"]
[WhiteElo "2185"]
[BlackElo "2180"]

1.e4 e6 2.d4 d5 3.Nd2 Nc6 4.Ngf3 Nf6 5.e5 Nd7 6.c3 Be7 7.Bd3 f5 8.exf6 Bxf6
9.O-O O-O 10.Bc2 e5 11.Bb3 Nb6 12.dxe5 Nxe5 13.Nxe5 Bxe5 14.Qh5 Rf5 15.Qe2 Qe7
16.Re1 Bd7 17.Nf3 Re8 18.Be3 Bd6 19.Qd1 Qf7 20.Bxb6 Rxe1+ 21.Nxe1 axb6 22.Nd3
c6 23.Qe2 Rh5 24.g3 Rg5 25.Qe3 Rh5 26.Qxb6 Qf5 27.Qd8+ Kf7 {#R} 0-1

[Event "It (open) \"]
[Site "masterchessopen.com – Moscow (Russia)"]
[Date "2004.02.18"]
[Round "2"]
[White "Shanava Konstantine (GEO)"]
[Black "Ostrowski Leszek (POL)"]
[Result "1-0"]
[WhiteElo "2456"]
[BlackElo "2322"]

1.e4 e6 2.d4 d5 3.Nd2 Nc6 4.Ngf3 Nf6 5.e5 Nd7 6.c3 f6 7.Nh4 g6 8.Qg4 fxe5
9.Nxg6 Nf6 10.Qh4 Rg8 11.Nxe5 Bg7 12.Ndf3 Ne7 13.Bd3 Nf5 14.Qh3 Qe7 15.g4 Nd6
16.Bxh7 Rh8 17.Bg6+ Kd8 18.Qg2 Nfe4 19.h4 Bd7 20.Ng5 Kc8 21.Nxd7 Kxd7 22.Bxe4
dxe4 23.Nxe4 Nxe4 24.Qxe4 Rxh4 25.Rxh4 Qxh4 26.Be3 c6 27.O-O-O {#r} 1-0

[Event "Ch Poland (juniors) (under 16) (g)"]
[Site "masterchessopen.com – Leba (Poland)"]
[Date "2004.03.29"]
[Round "3"]
[White "Kaniak Justyna (POL)"]
[Black "Kozak Magdalena (POL)"]
[Result "0-1"]
[WhiteElo "1835"]
[BlackElo "2094"]

1.e4 e6 2.d4 d5 3.Nd2 Nc6 4.Ngf3 Nf6 5.e5 Nd7 6.Bb5 a6 7.Bxc6 bxc6 8.O-O c5
9.c3 Be7 10.Qa4 O-O 11.dxc5 Nxc5 12.Qg4 f5 13.Qg3 Qe8 14.Nd4 Bd7 15.b3 Qh5
16.f4 Nb7 17.Rf3 c5 18.Nc2 Bc6 19.Qe1 Rfd8 20.Ba3 d4 21.Rh3 Qg4 22.Qf2 dxc3
23.Rxc3 Qxg2+ 24.Qxg2 Bxg2 25.Kxg2 Rxd2+ 26.Kg1 Rad8 27.Ne3 Bh4 28.Nc4 Bf2+
29.Kf1 Bd4 {#R} 0-1

[Event "Ch Wales"]
[Site "masterchessopen.com – Cardiff (Wales)"]
[Date "2004.04.09"]
[Round "1"]
[White "Williams Leighton (WLS)"]
[Black "Spice Alan (WLS)"]
[Result "1-0"]
[WhiteElo "2355"]
[BlackElo "2184"]

1.e4 e6 2.d4 d5 3.Nd2 Nc6 4.Ngf3 Nf6 5.e5 Nd7 6.Bb5 a5 7.O-O Na7 8.Bd3 b5 9.c3
c5 10.Re1 c4 11.Bc2 b4 12.h4 Be7 13.Ng5 g6 14.Nf1 Qb6 15.Qf3 Bxg5 16.Bxg5 Nc6
17.Ne3 h6 18.Nxd5 exd5 19.e6 Nde5 20.exf7+ Kf8 21.Qf6 Rh7 22.Bxg6 hxg5 23.Rxe5
{#r} 1-0

[Event "Ch Russia (students)"]
[Site "masterchessopen.com – Ufa (Russia)"]
[Date "2004.05.08"]
[Round "4"]
[White "Zhdanov Mihail (RUS)"]
[Black "Sultangareev Marat (RUS)"]
[Result "0-1"]
[WhiteElo "2085"]
[BlackElo "2332"]

1.e4 e6 2.d4 d5 3.Nd2 Nc6 4.Ngf3 Nf6 5.e5 Nd7 6.c3 f6 7.exf6 Qxf6 8.Bb5 Bd6
9.O-O O-O 10.Qb3 Nb6 11.Qc2 e5 12.Bxc6 bxc6 13.dxe5 Bxe5 14.Nxe5 Qxe5 15.Nb3
Nc4 16.Bd2 Bf5 17.Qc1 Bd3 18.Re1 Qf6 19.Be3 Qg6 20.Nc5 Ne5 21.Kh1 Be4 22.Nxe4
Nd3 23.Qd2 Nxe1 24.Rxe1 dxe4 25.Bd4 Qf5 26.Qe3 a5 27.h3 a4 28.Qg3 Rf7 29.Qh4
c5 30.Be3 Rd7 {#R} 0-1

[Event "It (open) (b)"]
[Site "masterchessopen.com – Plzen (Czech Republic)"]
[Round "9"]
[White "Balhar Jan (CZE)"]
[Black "Reitinger Jan (CZE)"]
[Result "1-0"]
[WhiteElo "1000"]
[BlackElo "1707"]

1.e4 e6 2.d4 d5 3.Nd2 Nc6 4.Ngf3 Nf6 5.e5 Nd7 6.c3 f6 7.exf6 Nxf6 8.Bb5 Bd7
9.O-O Bd6 10.Re1 O-O 11.Nb3 Ne4 12.Bd3 Nf6 13.Bg5 Qe7 14.Qc2 h6 15.Bh4 g5
16.Bg3 Bxg3 17.hxg3 Ng4 18.Re2 Rae8 19.Rae1 Qg7 20.Nc5 e5 21.Nxd7 Qxd7 22.dxe5
Qg7 23.Bb5 Ngxe5 24.Nxe5 Rxe5 25.Bxc6 Rxe2 26.Bxd5+ {#r} 1-0

[Event "Ch Ukraine (juniors) (under 16) (1/2 final)"]
[Site "masterchessopen.com – Dnepropetrovsk (Ukraine)"]
[Round "3"]
[White "Kharchenko Boris (UKR)"]
[Black "Razin Vadim (UKR)"]
[Result "1-0"]
[WhiteElo "2278"]
[BlackElo "2311"]

1.e4 e6 2.d4 d5 3.Nd2 Nc6 4.Ngf3 Nf6 5.e5 Nd7 6.Be2 f6 7.exf6 Qxf6 8.Nf1 Bd6
9.Ne3 O-O 10.O-O Ne7 11.Ng4 Qf5 12.h3 e5 13.dxe5 Nxe5 14.Nfxe5 Bxe5 15.Bd3 Qe6
16.Re1 Nc6 17.Bb5 Rf5 18.Bxc6 bxc6 19.f4 Bd4+ 20.Kh2 {#r} 1-0

[Event "Ch Slovakia (team) 2005/06 (1 liga) West"]
[Site "masterchessopen.com – Slovakia"]
[Round "5"]
[White "Godula Martin (SVK)"]
[Black "Malar Pavol (SVK)"]
[Result "1-0"]
[WhiteElo "2164"]
[BlackElo "2108"]

1.e4 e6 2.d4 d5 3.Nd2 Nc6 4.Ngf3 Nf6 5.e5 Nd7 6.c4 dxc4 7.Nxc4 Nb6 8.Ne3 Be7
9.Be2 Nd5 10.O-O O-O 11.a3 f5 12.exf6 Bxf6 13.Ng4 Kh8 14.Nfe5 Nxe5 15.Nxe5
Bxe5 16.dxe5 Nf4 17.Bxf4 {#r} 1-0

[Event "Ch Catalunia"]
[Site "masterchessopen.com – Barcelona (Spain)"]
[Date "2005.03.27"]
[Round "8"]
[White "Rios Alejandro (COL)"]
[Black "Gual Pascual Antonio (ESP)"]
[Result "0-1"]
[WhiteElo "2288"]
[BlackElo "2443"]

1.e4 e6 2.d4 d5 3.Nd2 Nc6 4.Ngf3 Nf6 5.e5 Nd7 6.c4 dxc4 7.Nxc4 Nb6 8.Nxb6 axb6
9.Bc4 Bb4+ 10.Ke2 Be7 11.Re1 Bd7 12.a3 Na7 13.d5 O-O 14.dxe6 fxe6 15.Qb3 Kh8
16.Be3 Qe8 17.Rad1 Ba4 18.Qc3 Qg6 19.b3 Bc6 20.Rg1 b5 21.Bd3 Qh5 22.b4 Rxf3
23.gxf3 Bxf3+ 24.Kd2 Bxd1 25.Rxd1 Nc6 26.Bxb5 Rxa3 27.Qxa3 {#R} 0-1

[Event "It (open)"]
[Site "masterchessopen.com – Hawick (Scotland)"]
[Date "2005.06.26"]
[Round "4"]
[White "Mannion Stephen R (SCO)"]
[Black "Berry Neil (SCO)"]
[Result "1-0"]
[WhiteElo "2331"]
[BlackElo "2289"]

1.e4 e6 2.d4 d5 3.Nd2 Nc6 4.Ngf3 Nf6 5.e5 Nd7 6.c4 dxc4 7.Nxc4 Nb6 8.a3 Ne7
9.Bg5 h6 10.Bh4 Qd7 11.Rc1 Nf5 12.Ne3 Nxh4 13.Nxh4 Nd5 14.Qc2 Be7 15.Nf3 O-O
16.Bd3 Nxe3 17.fxe3 c5 18.dxc5 Bxc5 19.Bh7+ Kh8 20.Qxc5 Rd8 21.Be4 Qa4 22.Qb4
{#r} 1-0

[Event "It (open)"]
[Site "masterchessopen.com – Prague (Czech Republic)"]
[Date "2005.07.02"]
[Round "1"]
[White "Kovar Jan (CZE)"]
[Black "Ptak Pavel (CZE)"]
[Result "0-1"]
[WhiteElo "2070"]
[BlackElo "2130"]

1.e4 e6 2.d4 d5 3.Nd2 Nc6 4.Ngf3 Nf6 5.e5 Nd7 6.Be2 f6 7.exf6 Qxf6 8.Nb3 Bd6
9.Bg5 Qf7 10.Bh4 h6 11.Bg3 O-O 12.Qd2 Nf6 13.O-O-O a5 14.Kb1 Ne4 15.Qe1 a4
16.Nc1 a3 17.Bxd6 axb2 18.Ne5 Nxe5 19.Bxf8 Qxf8 20.Kxb2 Qa3+ 21.Ka1 Nc3 {#R}
0-1

[Event "It \"]
[Site "masterchessopen.com – Hengelo (Netherlands)"]
[Round "7"]
[White "Lupulescu Constantin (ROM)"]
[Black "Riazantsev Alexander (RUS)"]
[Result "0-1"]
[WhiteElo "2528"]
[BlackElo "2603"]

{ Riazantsev Alexander (RUS) +10 =5 -3 } 1.e4 e6 2.d4 d5 3.Nd2 Nc6 4.Ngf3 Nf6
5.e5 Nd7 6.Bb5 a6 ( 6...Be7 7.O-O a6 8.Ba4 Nb6 9.Bb3 Na5 10.c3 Nxb3 11.axb3 c5
12.dxc5 Bxc5 13.b4 Be7 14.Nb3 Bd7 15.Nc5 Qc7 16.Qd4 O-O 17.Bg5 Bxg5 18.Nxg5 h6
19.Nf3 Nc8 20.Rfe1 Bb5 21.Qe3 b6 22.Nb3 Ne7 23.Nfd4 Bc6 24.Nc1 a5 25.Nd3 axb4
26.Nxb4 { ...1/2-1/2, Belov Vladimir 2540 - Riazantsev Alexander 2538 ,
Vladimir 2002 Ch Russia (juniors) (under 20) } ) 7.Bxc6 bxc6 { = } 8.c4 (
8.Nb3 c5 9.Bg5 Be7 10.Bxe7 Qxe7 11.dxc5 Nxc5 12.Na5 Bd7 13.O-O Na4 14.b3 Nc3
15.Qd3 Qb4 16.a3 Qxa5 17.b4 Qb6 18.Qxc3 O-O 19.Nd4 Ba4 20.f4 Bxc2 21.Kh1 Be4
22.Rac1 Rfd8 23.Qd2 h6 24.Rc6 Qb7 25.Rfc1 Rd7 26.R1c5 Ra7 27.h3 Kf8 { ...1-0,
Oral Tomas 2546 - Halfdanarson Jon, Iceland 2001 Ch Iceland (team) 2000/01 } )
8...dxc4 ( 8...c5 9.O-O Be7 10.Nb3 O-O 11.Na5 Nb8 12.dxc5 Bxc5 13.Qc2 Be7
14.c5 c6 15.b4 f6 16.Bb2 Qe8 17.Rae1 f5 18.Rb1 Ra7 19.Bc1 h6 20.a4 Bd7 21.Nb3
g5 22.Nbd4 Kg7 23.Ne1 f4 24.f3 Qc8 25.Bd2 Be8 26.Qc3 Bg6 27.Rc1 Rc7 28.Nb3 {
...0-1, Dembo Yelena 2396 - Dubois Loic 2272 , Budapest 2003 It (cat.2) } )
9.Nxc4 ( 9.O-O Nb6 10.Qc2 Qd5 11.Ne4 c5 12.dxc5 Bb7 13.Re1 Nd7 14.Ned2 Nxc5
15.Nxc4 Qd3 16.Qxd3 Nxd3 17.Rd1 Bxf3 18.gxf3 Rd8 19.Be3 Rd5 20.Kf1 Be7 21.Ke2
Nb4 22.Rg1 g6 23.a3 Nc6 24.Rgd1 O-O 25.Rac1 Rxd1 26.Rxd1 Rd8 27.Rxd8+ Bxd8
28.Kd3 Kf8 { ...1-0, Prusikin Michael 2509 - Pedersen Jan 2407 , Morso 2002 It
(cat.10) } ) 9...Nb6 10.Qc2 ( 10.Nxb6 cxb6 11.O-O Qd5 12.Ng5 h6 13.Nh3 Bb7
14.Nf4 Qd7 15.Be3 Be7 16.Rc1 g6 17.Qb3 b5 18.Nd3 Qd5 19.Qxd5 exd5 20.f4 f5
21.exf6 Bxf6 22.Ne5 Bxe5 23.fxe5 O-O-O 24.Rf6 g5 25.Bd2 { 1-0, Smyslov Vassily
2510 - Guimard Carlos E 2325 , Groningen 1996 Memorial G.Staunton (a) } )
10...Nxc4 11.Qxc4 Qd5 12.Qc2 { +0.22 CAP N } ( 12.Qxd5 cxd5 13.Be3 Bb4+ 14.Bd2
Be7 15.Rc1 Kd7 16.Ba5 c6 17.a3 f6 18.h4 Bd8 19.Bxd8 Rxd8 20.Rh3 Bb7 21.Rg3 Rg8
22.h5 Ke7 23.Rc3 Kf7 24.Rb3 Ra7 25.h6 Ba8 26.hxg7 Rb7 27.Rxb7+ Bxb7 28.exf6
Kxf6 29.Ne5 Rxg7 30.Rxg7 Kxg7 31.Kd2 Kf6 { ...1-0, Moradi Behrooz 2275 -
Doostkam P 2225 , Mashad 2003 Ch Iran } ) 12...c5 13.O-O cxd4 14.Nxd4 Bb7
15.Qa4+ Qd7 16.Qc4 { ?! } ( 16.Qxd7+ { !? } 16...Kxd7 17.Bf4 Bd5 18.Rfc1 { } )
16...Qd5 { ?! } ( 16...O-O-O { !? } 17.Nf3 Qd3 18.Qa4 Bc5 { } ) 17.Qa4+ Qd7
18.Qc4 { ?! } ( 18.Qxd7+ { !? } 18...Kxd7 19.Bf4 Bd5 20.Rfc1 { } ) 18...O-O-O
19.Nf3 Qd3 20.Qa4 Bc5 21.Bg5 Qg6 22.h4 Rd3 { ?! } ( 22...Bxf3 { !? } 23.gxf3
Kb7 24.Rac1 Rd4 { } ) 23.Rac1 Bb6 24.Rc6 { ?? } ( 24.Ne1 Rd7 25.Qb3 Ba5 26.Qh3
{ } ) 24...Rxf3 25.Rxb6 cxb6 26.Rd1 h6 27.Qc4+ Kb8 28.Rd7 Rc8 29.Rxb7+ Kxb7 {
} {#R} 0-1

[Event "Ch Region"]
[Site "masterchessopen.com – Tula (Russia)"]
[Date "2005.08.08"]
[Round "4"]
[White "Tuzinskiy Denis (RUS)"]
[Black "Gurin Anatoly (RUS)"]
[Result "0-1"]
[WhiteElo "2133"]
[BlackElo "2225"]

1.e4 e6 2.d4 d5 3.Nd2 Nc6 4.Ngf3 Nf6 5.e5 Nd7 6.c3 f6 7.exf6 Qxf6 8.Nb3 Bd6
9.Bg5 Qf7 10.Bd3 e5 11.dxe5 Ndxe5 12.Nxe5 Nxe5 13.O-O Nxd3 14.Qxd3 O-O 15.h3
Bf5 16.Qf3 c6 17.Bf4 Be4 18.Qxe4 dxe4 19.Bxd6 Rfd8 20.Bg3 a5 21.Rfe1 Re8
22.Nd4 Qg6 23.a4 e3 24.Kh2 exf2 25.Bxf2 Rxe1 26.Rxe1 Re8 27.Rd1 c5 28.Nb5 Qc2
{#R} 0-1

[Event "Ch Europe (juniors) (under 14)"]
[Site "masterchessopen.com – Herceg Novi (Montenegro)"]
[Round "5"]
[White "Durarbeyli Vasif (AZE)"]
[Black "Szabo Leon (HUN)"]
[Result "1-0"]
[WhiteElo "2174"]
[BlackElo "2162"]

1.e4 e6 2.d4 d5 3.Nd2 Nc6 4.Ngf3 Nf6 5.e5 Nd7 6.Be2 f6 7.exf6 Qxf6 8.c3 Bd6
9.Nf1 b6 10.Ng3 Bb7 11.O-O e5 12.Bg5 Qg6 13.dxe5 Ncxe5 14.Nxe5 Nxe5 15.Bh5
{#r} 1-0

[Event "Ch Germany (seniors) (team)"]
[Site "masterchessopen.com – Sottrum (Germany)"]
[Date "2005.09.22"]
[Round "5"]
[White "Salov Sergei (GER)"]
[Black "Walter Helmut (GER)"]
[Result "1-0"]
[WhiteElo "2293"]
[BlackElo "2176"]

1.e4 e6 2.d4 d5 3.Nd2 Nc6 4.Ngf3 Nf6 5.e5 Nd7 6.Be2 f6 7.exf6 Nxf6 8.O-O Bd6
9.c4 e5 10.cxd5 Nxd5 11.Bc4 Nde7 12.dxe5 Nxe5 13.Nxe5 Bxe5 14.Qh5+ Ng6 15.Nf3
Bf6 16.Re1+ Kf8 17.Be3 Be7 18.Rad1 Bd6 19.Bg5 Qd7 20.Be7+ Bxe7 21.Rxd7 Bxd7
22.Qd5 Be8 23.Nd4 {#r} 1-0

[Event "It (open)"]
[Site "masterchessopen.com – Piestany (Slovakia)"]
[Date "2005.11.19"]
[Round "5"]
[White "Nemcova Kristyna (CZE)"]
[Black "Malar Pavol (SVK)"]
[Result "0-1"]
[WhiteElo "2045"]
[BlackElo "2108"]

1.e4 e6 2.d4 d5 3.Nd2 Nc6 4.Ngf3 Nf6 5.e5 Nd7 6.c3 f6 7.exf6 Qxf6 8.Nb3 Bd6
9.Bg5 Qf7 10.Bh4 e5 11.dxe5 Ndxe5 12.Be2 h6 13.Bg3 O-O 14.O-O Bd7 15.Qd2 Bg4
16.Nxe5 Nxe5 17.Bxe5 Rae8 18.Bxg4 Bxe5 19.Bf3 c6 20.Rfe1 Qg6 21.Kh1 Qd6 22.h3
Rxf3 23.Rxe5 Rxe5 24.gxf3 Qe6 25.f4 Qxh3+ 26.Kg1 Qg4+ 27.Kf1 Rh5 28.f3 Qxf3+
{#R} 0-1

[Event "Bayern Landesliga North 2005/06"]
[Site "masterchessopen.com – Bayern (Germany)"]
[Date "2006.01.15"]
[Round "5"]
[White "Hlavac Rudolf (CZE)"]
[Black "Wutz Christoph (GER)"]
[Result "1-0"]
[WhiteElo "2088"]
[BlackElo "2178"]

1.e4 e6 2.d4 d5 3.Nd2 Nc6 4.Ngf3 Nf6 5.e5 Nd7 6.Nb3 Be7 7.Bb5 f6 8.exf6 Bxf6
9.Bxc6 bxc6 10.O-O O-O 11.Re1 Qe7 12.Bf4 c5 13.Bxc7 cxd4 14.Nbxd4 e5 15.Nc6
Qc5 16.Ncxe5 Qxc7 17.Qxd5+ Kh8 18.Nf7+ Rxf7 19.Qxf7 h6 20.Re8+ Kh7 21.Ng5+
{#r} 1-0

[Event "It (open)"]
[Site "masterchessopen.com – Bunratty (Ireland)"]
[Date "2006.02.18"]
[Round "2"]
[White "Normoyle Liam (IRL)"]
[Black "Short Philip M (IRL)"]
[Result "0-1"]
[WhiteElo "1862"]
[BlackElo "2277"]

1.e4 e6 2.d4 d5 3.Nd2 Nc6 4.Ngf3 Nf6 5.e5 Nd7 6.Bd3 f6 7.exf6 Qxf6 8.Nb3 Bd6
9.Bg5 Qf7 10.c4 dxc4 11.Bxc4 Nb6 12.Bd3 Nd5 13.O-O O-O 14.Qc2 Qh5 15.h4 Ncb4
16.Qe2 Nxd3 17.Qxd3 h6 18.Bd2 b6 19.Qe4 Bd7 20.Ne5 Bxe5 21.dxe5 c5 22.Nc1 Bc6
23.Ne2 Nc3 24.Ng3 Nxe4 {#R} 0-1

[Event "Ch Ukraine (juniors) (under 18)"]
[Site "masterchessopen.com – Dnepropetrovsk (Ukraine)"]
[Date "2006.03.07"]
[Round "4"]
[White "Kravchenko Oles (UKR)"]
[Black "Artemchuk Taras (UKR)"]
[Result "1-0"]
[WhiteElo "2189"]
[BlackElo "2214"]

1.e4 e6 2.d4 d5 3.Nd2 Nc6 4.Ngf3 Nf6 5.e5 Nd7 6.c3 f6 7.exf6 Qxf6 8.Bb5 e5
9.dxe5 Ncxe5 10.O-O c6 11.Re1 Bc5 12.Nxe5 Bxf2+ 13.Kh1 Bxe1 14.Nxd7 Qe7 15.Nf3
cxb5 16.Nde5 Bf2 17.Qxd5 a6 18.Bg5 Qe6 19.Qd8# 1-0

[Event "It (open) \"]
[Site "masterchessopen.com – Hendersonville (USA)"]
[Date "2006.03.12"]
[Round "3"]
[White "Kidd Jeffrey A (USA)"]
[Black "Pohl Klaus A (USA)"]
[Result "1-0"]
[WhiteElo "2234"]
[BlackElo "2248"]

1.e4 e6 2.d4 d5 3.Nd2 Nc6 4.Ngf3 Nf6 5.Bd3 Nb4 6.O-O Nxd3 7.cxd3 Be7 8.Re1 O-O
9.Nf1 b6 10.Ng3 Bb7 11.Bg5 h6 12.Bf4 Re8 13.Qd2 Bf8 14.e5 Nd7 15.Nh5 c5 16.g4
cxd4 17.g5 Kh7 18.gxh6 gxh6 19.Kh1 f6 20.Rg1 Qe7 21.Rg3 Qf7 22.Nxf6+ Nxf6
23.exf6 Qxf6 24.Be5 Qf5 25.Rag1 Re7 26.R1g2 Ba6 27.Rg8 Bg7 28.R8xg7+ Rxg7
29.Rxg7+ Kh8 {#r} 1-0

[Event "Ch Russia (juniors) (under 14) (g)"]
[Site "masterchessopen.com – Dagomys (Russia)"]
[Round "8"]
[White "Samokhina Evgenia (RUS)"]
[Black "Monina Polina (RUS)"]
[Result "1-0"]
[WhiteElo "1957"]
[BlackElo "1845"]

1.e4 e6 2.d4 d5 3.Nd2 Nc6 4.Ngf3 Nf6 5.e5 Nd7 6.c3 Be7 7.Bd3 f6 8.exf6 Nxf6
9.O-O O-O 10.Re1 Bd6 11.Nf1 Bd7 12.Ng3 Ne7 13.Ng5 Qc8 14.Qe2 Re8 15.Nh5 Nf5
16.Nxf6+ gxf6 17.Nxh7 Kxh7 18.Qh5+ Kg8 19.g4 Re7 20.gxf5 Be8 21.Qf3 c6 22.fxe6
Qc7 23.h3 Rg7+ 24.Kh1 Bg6 25.Bh6 Rh7 26.Rg1 Rxh6 27.Bxg6 Rf8 28.Bf7+ Kh8
29.Qg4 {#r} 1-0

[Event "Ch Russia (juniors) (under 18)"]
[Site "masterchessopen.com – Dagomys (Russia)"]
[Round "1"]
[White "Sjugirov Sanan (RUS)"]
[Black "Turutin Alexander (RUS)"]
[Result "1-0"]
[WhiteElo "2444"]
[BlackElo "2300"]

1.e4 e6 2.d4 d5 3.Nd2 Nc6 4.Ngf3 Nf6 5.e5 Nd7 6.Nb3 Be7 7.Bb5 a5 8.a4 Na7
9.Be2 c5 10.c3 Nc6 11.Be3 b6 12.Bb5 Bb7 13.O-O O-O 14.Qe2 c4 15.Nc1 Na7
16.Bxd7 Qxd7 17.Qc2 Qd8 18.Ne2 Nc6 19.Nf4 Bc8 20.Nh5 Bd7 21.Qd2 Kh8 22.Bf4 Be8
23.Rfe1 Rg8 24.Ng5 h6 25.Nh3 Kh7 26.Qc2+ Kh8 27.f3 Bf8 28.Ng3 g5 29.Bd2 f5
30.exf6 Bg6 {#r} 1-0

[Event "Ch Croatia (team) (2nd league)"]
[Site "masterchessopen.com – Croatia"]
[Date "2006.04.22"]
[Round "4"]
[White "Budimir Milan (CRO)"]
[Black "Tarakcija Hazim (CRO)"]
[Result "1-0"]
[WhiteElo "2143"]
[BlackElo "2236"]

1.e4 e6 2.d4 d5 3.Nd2 Nc6 4.Ngf3 Nf6 5.e5 Nd7 6.c3 f6 7.exf6 Nxf6 8.Bd3 Bd6
9.O-O O-O 10.Re1 Qe7 11.Ne5 Bxe5 12.dxe5 Nd7 13.Nf3 h6 14.Bc2 Nc5 15.b4 Ne4
16.Bxe4 dxe4 17.Rxe4 Bd7 18.Rg4 Kh8 19.Nh4 Be8 20.Qe2 g5 21.Nf3 Bh5 22.Rg3 Rf5
23.b5 Nxe5 24.Nxe5 Bxe2 25.Ng6+ Kg7 26.Nxe7 Rxb5 27.Re3 {#r} 1-0

[Event "Ch Croatia (team) (2nd league)"]
[Site "masterchessopen.com – Croatia"]
[Date "2006.04.22"]
[Round "4"]
[White "Sipic Hrvoje (CRO)"]
[Black "Kolar Mladen (CRO)"]
[Result "1-0"]
[WhiteElo "2233"]
[BlackElo "2139"]

1.e4 e6 2.d4 d5 3.Nd2 Nc6 4.Ngf3 Nf6 5.e5 Nd7 6.c3 Be7 7.Bd3 O-O 8.h4 f6 9.Qe2
fxe5 10.dxe5 Nc5 11.Bc2 d4 12.cxd4 Nxd4 13.Nxd4 Qxd4 14.Nf3 Qg4 15.Bg5 Bxg5
16.Bxh7+ Kh8 17.hxg5 g6 18.Bxg6+ Kg7 19.Rh7+ Kg8 20.Qc2 b6 21.Bf7+ {#r} 1-0

[Event "Ch Spain (schools)"]
[Site "masterchessopen.com – Ciudad Real (Spain)"]
[Date "2006.06.28"]
[Round "3"]
[White "Mestre Bellido Hector (ESP)"]
[Black "Baragano Campa Javier (ESP)"]
[Result "1-0"]
[WhiteElo "2184"]
[BlackElo "2011"]

1.e4 e6 2.d4 d5 3.Nd2 Nc6 4.Ngf3 Nf6 5.e5 Nd7 6.c3 f6 7.exf6 Qxf6 8.Bb5 a6
9.Bxc6 bxc6 10.O-O Bd6 11.Re1 O-O 12.Qe2 Nb6 13.Ne5 Bxe5 14.dxe5 Qf5 15.Nb3
Bd7 16.f4 Be8 17.Nc5 a5 18.Be3 Bg6 19.Rf1 Rab8 20.b3 Qf7 21.Rf2 Nd7 22.Qa6 Rb6
23.Qa7 Rb5 24.Na6 Rc8 25.c4 dxc4 26.bxc4 Rb1+ 27.Rxb1 Bxb1 28.Qb7 Qf8 29.Qxb1
{#r} 1-0

[Event "Ch MinPros (g)"]
[Site "masterchessopen.com – Nizhnij Novgorod (Russia)"]
[Round "0"]
[White "Doroshenko Diana (RUS)"]
[Black "Zapankova Galina (RUS)"]
[Result "1-0"]
[WhiteElo "2053"]
[BlackElo "1822"]

1.e4 e6 2.d4 d5 3.Nd2 Nc6 4.Ngf3 Nf6 5.e5 Nd7 6.Nb3 f6 7.exf6 Qxf6 8.Bg5 Qf7
9.Bd3 Bd6 10.c3 e5 11.dxe5 Ndxe5 12.Be2 h6 13.Bh4 g5 14.Nxe5 Nxe5 15.Bh5 Ng6
16.Bg3 Be6 17.Bxd6 cxd6 18.Nd4 O-O-O 19.O-O Rhg8 20.Nxe6 {#r} 1-0

[Event "It"]
[Site "masterchessopen.com – Dubna (Russia)"]
[Date "2006.08.08"]
[Round "9"]
[White "Demkovich Anatoliy (UKR)"]
[Black "Stupak Kirill (BLR)"]
[Result "0-1"]
[WhiteElo "2381"]
[BlackElo "2408"]

1.e4 e6 2.d4 d5 3.Nd2 Nc6 4.Ngf3 Nf6 5.e5 Nd7 6.Bb5 a6 7.Bxc6 bxc6 8.O-O c5
9.c4 Bb7 10.cxd5 Bxd5 11.dxc5 Bxc5 12.Qe2 O-O 13.Ne4 Bb6 14.Bg5 Qb8 15.Rfe1
Qb7 16.Rad1 h6 17.Be7 Rfe8 18.Nf6+ gxf6 19.exf6 Bxf3 20.gxf3 Nf8 21.f4 Ng6
22.Rd3 Kh7 23.Rg3 Rg8 24.Qc2 Kh8 25.Rxe6 fxe6 26.Qc3 Kh7 27.Qc2 Qd5 28.f7 Qf5
{#R} 0-1

[Event "It (open)"]
[Site "masterchessopen.com – Cerdaniola del Valles (Spain)"]
[Date "2006.11.11"]
[Round "7"]
[White "Alonso Moyano Jonathan (ESP)"]
[Black "Lopez Santana Oscar (ESP)"]
[Result "1-0"]
[WhiteElo "2358"]
[BlackElo "2227"]

1.e4 e6 2.d4 d5 3.Nd2 Nc6 4.Ngf3 Nf6 5.e5 Nd7 6.Nb3 Be7 7.Bb5 Ncb8 8.O-O O-O
9.Re1 b6 10.Bf4 Ba6 11.Bxa6 Nxa6 12.Qe2 Qc8 13.h4 c5 14.c3 cxd4 15.Nfxd4 Nac5
16.Qg4 Kh8 17.Re3 Qa6 18.Nc1 b5 19.Qe2 Rab8 20.a4 Rfc8 21.Nxb5 Nxa4 22.Nd6
Qxe2 23.Nxe2 Bxd6 24.exd6 Nxb2 25.Rxa7 Rd8 26.Nd4 Rbc8 27.Bg5 f6 28.Nxe6 fxg5
29.Nxd8 Rxd8 30.Rxd7 {#r} 1-0

[Event "Ch Slovakia (team) 2006/07 (1 liga) West"]
[Site "masterchessopen.com – Slovakia"]
[Date "2006.12.02"]
[Round "5"]
[White "Seitler Andrej (SVK)"]
[Black "Michalik Peter (SVK)"]
[Result "0-1"]
[WhiteElo "2215"]
[BlackElo "2327"]

1.e4 e6 2.d4 d5 3.Nd2 Nc6 4.Ngf3 Nf6 5.e5 Nd7 6.c3 f6 7.exf6 Qxf6 8.Bb5 Bd6
9.Nf1 a6 10.Bg5 Qf7 11.Ba4 O-O 12.Qe2 e5 13.dxe5 Ndxe5 14.Nxe5 Nxe5 15.Ne3 h6
16.Bh4 Qf4 17.Be7 Bxe7 18.Nxd5 Nd3+ 19.Qxd3 Qxf2+ 20.Kd1 Bg4+ {#R} 0-1

[Event "Memorial N.Mukhamedzianov (open)"]
[Site "masterchessopen.com – Kazan (Russia)"]
[Date "2007.02.02"]
[Round "8"]
[White "Abdullin Renat (RUS)"]
[Black "Tokarev Ilya (RUS)"]
[Result "1-0"]
[WhiteElo "2147"]
[BlackElo "2180"]

1.e4 e6 2.d4 d5 3.Nd2 Nc6 4.Ngf3 Nf6 5.e5 Nd7 6.g3 b6 7.c4 dxc4 8.Nxc4 Bb4+
9.Bd2 Bxd2+ 10.Qxd2 Bb7 11.Bg2 Ne7 12.O-O Nf8 13.h4 Nd5 14.Ng5 h6 15.Ne4 Ng6
16.Ned6+ {#r} 1-0